000 00392cam a22001217a 4500
008 180718b1973 xxu||||| |||| 00| 0 eng d
082 _aV12 Un3 / 1950
245 _aGuide to the public utilities street works act, 1950
_cBy HMSO
260 _aLondon
_bHMSO
_c1973
300 _a25p.
650 _aPublic utilities -- Law and legislation -- Great Britain
650 _aHighway law -- Great Britain
999 _c412988
_d412988